000
00271nam a22001217a 4500
008
170606b xxu||||| |||| 00| 0 eng d
041
_a
eng
080
_a
94
100
_a
18
101
_a
SHH
245
_a
POWER AND INTERNATIONAL RELATIONS
_c
CLAUDE,JR
942
_2
udc
_c
BK
999
_c
16099
_d
16099